[Event "PRO League Group Stage"]
[Site "masterchessopen.com chess.com INT"]
[Date "2017.02.22"]
[Round "7"]
[White "Durarbayli,V"]
[Black "Dragun,K"]
[Result "0-1"]
[WhiteElo "2616"]
[BlackElo "2614"]

1.e4 e5 2.Nf3 Nf6 3.Nxe5 d6 4.Nf3 Nxe4 5.c4 Nc6 6.Nc3 Nxc3 7.dxc3 Bf5 8.Qb3
Rb8 9.Be3 Be7 10.Nd4 Nxd4 11.cxd4 O-O 12.Be2 d5 13.O-O Be6 14.Rfd1 dxc4
15.Bxc4 Bxc4 16.Qxc4 Bd6 17.d5 a6 18.Rac1 Re8 19.h3 Qf6 20.Qd4 Qf5 21.Rc4 b5
22.Rc6 Re4 23.Qc3 Rbe8 24.Rxa6 Rc4 25.Qd3 Qxd3 26.Rxd3 Rc1+ {#R} 0-1

[Event "PRO League Group Stage"]
[Site "masterchessopen.com chess.com INT"]
[Date "2017.02.22"]
[Round "7"]
[White "Durarbayli,V"]
[Black "Ynojosa,F"]
[Result "1-0"]
[WhiteElo "2616"]
[BlackElo "2399"]

1.e4 c5 2.Nc3 Nc6 3.Nge2 e5 4.g3 Nf6 5.Bg2 d6 6.d3 Be7 7.O-O Bg4 8.h3 Bh5 9.f4
exf4 10.g4 Bg6 11.Nxf4 h5 12.g5 Nd7 13.Nxg6 fxg6 14.h4 Nce5 15.Bh3 Nf7 16.Be6
O-O 17.Nd5 Ne5 18.c3 Rb8 19.d4 cxd4 20.cxd4 Nc6 21.Nf4 Bxg5 22.Nxg6 Bxc1
23.Rxc1 Qb6 24.Qxh5 Qxd4+ 25.Rf2 {#r} 1-0

[Event "PRO League Group Stage"]
[Site "masterchessopen.com chess.com INT"]
[Date "2017.02.22"]
[Round "7"]
[White "Agrest,E"]
[Black "Podvin,F"]
[Result "1-0"]
[WhiteElo "2593"]
[BlackElo "2145"]

1.d4 Nf6 2.Bf4 d6 3.e3 g6 4.h3 Bg7 5.Nf3 Nbd7 6.Be2 O-O 7.Bh2 b6 8.O-O Bb7
9.a4 a5 10.Nc3 Ne4 11.Nxe4 Bxe4 12.c3 e5 13.dxe5 Nxe5 14.Nd4 Qe7 15.Bg3 Rfe8
16.Re1 Rad8 17.Bf1 f5 18.Bb5 Nd7 19.Qb3+ Kh8 20.Rad1 Be5 21.Bxe5+ dxe5 22.Ne2
Nc5 23.Qa2 Bc2 24.Rxd8 Rxd8 25.b4 axb4 26.Qxc2 b3 27.Qb1 Rd2 28.Ng3 Qd6 29.Bc4
b2 30.Nf1 Ne4 31.Nxd2 Nxd2 32.Qd3 Ne4 33.Qxd6 Nxd6 34.Bd5 Kg7 35.Rb1 Kf6 36.f4
e4 37.Rxb2 Ke7 38.c4 Ne8 39.c5 bxc5 40.a5 {#r} 1-0

[Event "PRO League Group Stage"]
[Site "masterchessopen.com chess.com INT"]
[Date "2017.02.22"]
[Round "7"]
[White "Lalith,B"]
[Black "Vertetics,A"]
[Result "1-0"]
[WhiteElo "2587"]
[BlackElo "2416"]

1.Nf3 d5 2.d4 Nf6 3.c4 c6 4.Nc3 a6 5.c5 g6 6.g3 Bg7 7.Bg2 O-O 8.O-O Bf5 9.Qb3
Ra7 10.Nh4 Bc8 11.Bf4 Nbd7 12.Nf3 Nh5 13.Bg5 Re8 14.Rad1 h6 15.Bc1 b6 16.cxb6
Qxb6 17.Qc2 e6 18.e4 dxe4 19.Nxe4 Nhf6 20.Nd6 Rd8 21.Ne5 Nxe5 22.dxe5 Nd5
23.Bxd5 exd5 24.Be3 c5 25.Rxd5 Be6 26.Rxc5 Qb8 27.b3 Rad7 28.Qe4 h5 29.Bg5 Rf8
30.Rfc1 Bxe5 31.Qxe5 {#r} 1-0

[Event "PRO League Group Stage"]
[Site "masterchessopen.com chess.com INT"]
[Date "2017.02.22"]
[Round "7"]
[White "Nagy,Ga1"]
[Black "Gupta,Ab"]
[Result "1-0"]
[WhiteElo "2433"]
[BlackElo "2645"]

1.d4 Nf6 2.c4 g6 3.Nc3 d5 4.Nf3 Bg7 5.Qa4+ Bd7 6.Qb3 dxc4 7.Qxc4 Be6 8.Qb5+
Nc6 9.Qxb7 Bd7 10.Qb3 Rb8 11.Qd1 Bf5 12.a3 O-O 13.e3 e5 14.Be2 exd4 15.Nxd4
Nxd4 16.exd4 Ne4 17.O-O Be5 18.dxe5 Qh4 19.Bf3 Rfd8 20.Qe1 Nc5 21.b4 Nd3
22.Qe3 Qc4 23.Bd2 Nxe5 24.Qxe5 Rxd2 25.Nd5 Qd4 26.Ne7+ Kf8 27.Qxd4 Rxd4 28.Nc6
{#r} 1-0

[Event "PRO League Group Stage"]
[Site "masterchessopen.com chess.com INT"]
[Date "2017.02.22"]
[Round "7"]
[White "Nagy,Ga1"]
[Black "Aradhya,Garg"]
[Result "1-0"]
[WhiteElo "2433"]
[BlackElo "2230"]

1.d4 Nf6 2.c4 e6 3.Nc3 d5 4.cxd5 exd5 5.Bg5 Be7 6.e3 O-O 7.Qc2 Re8 8.Bd3 h6
9.Bh4 c6 10.Nge2 Ne4 11.Bg3 Nxg3 12.hxg3 Nd7 13.g4 Nf6 14.g5 hxg5 15.O-O-O Bd6
16.Bh7+ Kf8 17.Bf5 Ke7 18.f3 g6 19.Bxc8 Rxc8 20.e4 dxe4 21.fxe4 Bb8 22.Kb1 Rh8
23.Rhf1 Rh2 24.e5 Nd5 25.Ne4 Rxg2 26.Qc5+ Ke8 27.Rh1 Qe7 28.Nf6+ Nxf6 29.Rh8+
Kd7 30.Qxe7+ Kxe7 31.Rxc8 Nd7 32.Nc3 g4 33.Ne4 g3 34.Nf6 Rf2 35.Re8# 1-0

[Event "PRO League Group Stage"]
[Site "masterchessopen.com chess.com INT"]
[Date "2017.02.22"]
[Round "7"]
[White "Meier,Geo"]
[Black "Villegas,P"]
[Result "1-0"]
[WhiteElo "2630"]
[BlackElo "2363"]

1.Nf3 d5 2.g3 Nf6 3.Bg2 e6 4.O-O c5 5.c4 d4 6.e3 Nc6 7.exd4 cxd4 8.d3 Bd6 9.a3
a5 10.Bg5 h6 11.Bxf6 Qxf6 12.Nbd2 Qe7 13.Re1 O-O 14.Rc1 Re8 15.Nb3 Qf6 16.c5
Bc7 17.Nbd2 e5 18.Ne4 Qd8 19.Nfd2 f5 20.Nd6 Bxd6 21.cxd6 Qxd6 22.Nc4 Qf6 23.f4
Ra6 24.Bxc6 Rxc6 25.Nxe5 Rxc1 26.Qxc1 Qd6 27.Nc4 Rxe1+ 28.Qxe1 Qe6 29.Qxe6+
Bxe6 30.Nxa5 Bd5 31.Nc4 Kf7 32.Kf2 Ke6 33.Ke2 b5 34.Nd2 Bb7 35.Nf3 Kd5 36.Nh4
Bc8 37.Ng6 Kc5 38.Kd2 b4 39.axb4+ Kxb4 40.Ne5 Be6 41.Nf3 Kc5 42.Kc2 Bd5 43.b4+
Kxb4 44.Nxd4 g6 45.Kb2 Bb7 46.h4 Ba8 47.h5 gxh5 48.Nxf5 {#r} 1-0

[Event "PRO League Group Stage"]
[Site "masterchessopen.com chess.com INT"]
[Date "2017.02.22"]
[Round "7"]
[White "Guseinov,G"]
[Black "Wang,Jason"]
[Result "1-0"]
[WhiteElo "2643"]
[BlackElo "2006"]

1.e4 c5 2.Nf3 e6 3.d4 cxd4 4.Nxd4 a6 5.Nc3 Nc6 6.g3 Qc7 7.Bg2 Nf6 8.O-O Be7
9.Re1 Nxd4 10.Qxd4 d6 11.Be3 O-O 12.Rad1 Rd8 13.Qb6 Qb8 14.e5 Nd7 15.exd6 Nxb6
16.dxe7 Re8 17.Rd8 Bd7 18.Rxb8 Raxb8 19.Bxb6 Rxe7 20.Bc5 Ree8 21.Bd6 Rbd8
22.Bxb7 Bc8 23.Bc6 Bd7 24.Bg2 Bc8 25.Bc7 Rd2 26.Bc6 Re7 27.Bf4 Rd8 28.Nd5 Ra7
29.Bb8 exd5 30.Bxa7 Be6 31.c3 Rc8 32.Ba4 Rc7 33.Bd4 Rb7 34.b4 {#r} 1-0

[Event "PRO League Group Stage"]
[Site "masterchessopen.com chess.com INT"]
[Date "2017.02.22"]
[Round "7"]
[White "Akobian,V"]
[Black "Aleskerov,F"]
[Result "1-0"]
[WhiteElo "2633"]
[BlackElo "2315"]

1.d4 Nf6 2.c4 e6 3.Nf3 d5 4.Nc3 c6 5.e3 Bd6 6.Qc2 Nbd7 7.Bd3 O-O 8.O-O dxc4
9.Bxc4 e5 10.Bb3 exd4 11.exd4 Nb6 12.Bg5 Be7 13.Rfe1 Bg4 14.Ne5 Bh5 15.Qf5 g6
16.Qf4 Nfd5 17.Bxe7 Qxe7 18.Nxd5 Nxd5 19.Bxd5 cxd5 20.g4 Qh4 21.Qg3 Qxg3+
22.hxg3 f6 23.gxh5 fxe5 24.Rxe5 Rac8 25.hxg6 hxg6 26.Rae1 Rc4 27.Rg5 Rc2 28.f4
Rf6 29.Rxd5 Rxb2 30.a4 Kg7 31.Rb5 Rxb5 32.axb5 Rb6 33.Re5 Kf6 34.Kf2 a5
35.bxa6 bxa6 36.Ra5 Rb3 37.Rxa6+ Kf5 38.Ra5+ Ke4 39.Re5+ Kxd4 40.Kg2 Rb2+
41.Kh3 Rb3 42.Kg4 Ra3 43.Re6 {#r} 1-0

[Event "PRO League Group Stage"]
[Site "masterchessopen.com chess.com INT"]
[Date "2017.02.22"]
[Round "7"]
[White "Benjamin,Joe"]
[Black "Amin,B"]
[Result "1-0"]
[WhiteElo "2544"]
[BlackElo "2666"]

1.e4 e5 2.Nf3 Nc6 3.Bb5 a6 4.Ba4 Nf6 5.Nc3 b5 6.Bb3 Be7 7.d3 O-O 8.a3 d6 9.O-O
h6 10.h3 Be6 11.Nd5 Nd4 12.Nxd4 exd4 13.Nxf6+ Bxf6 14.Bxe6 fxe6 15.f4 c5
16.Qg4 Qe7 17.Bd2 Kh8 18.Rae1 e5 19.Rf3 c4 20.Ref1 c3 21.bxc3 exf4 22.cxd4
Bxd4+ 23.Kh1 g5 24.c3 Bg7 25.h4 Rae8 26.Rh3 Kg8 27.hxg5 hxg5 28.Rh5 d5 29.Rxg5
dxe4 30.dxe4 Rd8 31.Bxf4 Rf7 32.Rf3 Qxe4 33.Rg3 Rdd7 34.Be5 Qh7+ 35.Rh3 Qb1+
36.Kh2 Qe1 37.Bxg7 Rxg7 38.Qxd7 Rxg5 39.Qd8+ Kf7 40.Qxg5 {#r} 1-0

[Event "PRO League Group Stage"]
[Site "masterchessopen.com chess.com INT"]
[Date "2017.02.22"]
[Round "7"]
[White "Benjamin,Joe"]
[Black "Abrahams,Steven L"]
[Result "1-0"]
[WhiteElo "2544"]
[BlackElo "2055"]

1.c4 Nf6 2.Nc3 e6 3.e4 d6 4.d4 Be7 5.Nf3 c5 6.dxc5 dxc5 7.Qxd8+ Bxd8 8.Be3 b6
9.e5 Nfd7 10.Nb5 O-O 11.O-O-O Ba6 12.Bd3 Bxb5 13.cxb5 a6 14.bxa6 Bc7 15.Bf4
Rd8 16.Bg5 f6 17.exf6 gxf6 18.Bh4 Nxa6 19.Bb5 Nab8 20.Kb1 Kf7 21.Rhe1 Nf8
22.Ne5+ Ke7 23.Rxd8 Bxd8 24.Rd1 Ra7 25.Bxf6+ Kxf6 26.Rxd8 Kxe5 27.Rxf8 Rb7
28.Kc2 Kd6 29.Rc8 Ke7 30.Rh8 Kd6 31.Rd8+ Ke7 32.Re8+ Kd6 33.Kc3 Nc6 34.Bxc6
Kxc6 35.Rxe6+ Kd5 36.Rh6 b5 37.Rh5+ Kd6 38.b4 c4 39.Rc5 Ra7 40.Rxb5 Rxa2
41.Rf5 Ke6 42.g4 h5 43.h3 hxg4 44.hxg4 Re2 45.f3 Re1 46.Kxc4 Rc1+ 47.Kb5 {#r}
1-0

[Event "PRO League Group Stage"]
[Site "masterchessopen.com chess.com INT"]
[Date "2017.02.22"]
[Round "7"]
[White "Khachiyan,M"]
[Black "Li,Ruifeng"]
[Result "1-0"]
[WhiteElo "2530"]
[BlackElo "2564"]

1.e4 c5 2.Nf3 d6 3.d4 cxd4 4.Nxd4 Nf6 5.Nc3 a6 6.a4 g6 7.Be2 Bg7 8.O-O O-O
9.Re1 Nc6 10.Nb3 b6 11.Bf1 Bb7 12.Bg5 Nd7 13.Qd2 Rc8 14.Bh6 Nce5 15.Bxg7 Kxg7
16.Rad1 Nc4 17.Bxc4 Rxc4 18.e5 Rg4 19.g3 Bf3 20.exd6 exd6 21.Qxd6 Bxd1 22.Rxd1
Re8 23.Qxd7 Re1+ 24.Kg2 Qxd7 25.Rxd7 Rc4 26.Rd6 b5 27.Rxa6 b4 28.Nd5 Rxc2
29.Nxb4 Rc8 30.Nd3 Rb1 31.Nbc5 h5 32.h4 Re8 33.b4 Re2 34.Kf3 Ra2 35.Ke3 Kf8
36.a5 Ke7 37.Rb6 Kd8 38.Rb7 f6 39.a6 Kc8 40.b5 Ra5 41.a7 Rba1 42.b6 {#r} 1-0

[Event "PRO League Group Stage"]
[Site "masterchessopen.com chess.com INT"]
[Date "2017.02.22"]
[Round "7"]
[White "Tadic,Br"]
[Black "Neiksans,A"]
[Result "1-0"]
[WhiteElo "2472"]
[BlackElo "2627"]

1.Nf3 d5 2.d4 c6 3.c4 Nf6 4.Nc3 a6 5.g3 Bf5 6.Bg2 e6 7.O-O Nbd7 8.Nh4 Bg4 9.h3
Bh5 10.cxd5 cxd5 11.g4 Bg6 12.Nxg6 hxg6 13.g5 Nh5 14.e4 dxe4 15.Bxe4 Be7
16.Qg4 Rb8 17.Re1 O-O 18.Be3 Nb6 19.d5 Nxd5 20.Nxd5 exd5 21.Rad1 Qc7 22.Bxd5
Rbd8 23.Qc4 Qxc4 24.Bxc4 Bb4 25.Rf1 Rfe8 26.Kg2 Ba5 27.Kf3 Bc7 28.b4 Kh7 29.h4
f6 30.Rxd8 Rxd8 31.Rc1 fxg5 32.hxg5 Rf8+ 33.Kg4 Bf4 34.Bd3 Rd8 35.Be4 Re8
36.Kf3 Rf8 37.Ke2 Re8 38.Bxb7 Bxe3 39.fxe3 Ng3+ 40.Kf3 Nf5 41.Rh1+ {#r} 1-0

[Event "PRO League Group Stage"]
[Site "masterchessopen.com chess.com INT"]
[Date "2017.02.22"]
[Round "7"]
[White "Tadic,Br"]
[Black "Reimanis,R"]
[Result "1-0"]
[WhiteElo "2472"]
[BlackElo "2264"]

1.Nf3 Nf6 2.c4 e6 3.g3 d5 4.Bg2 Be7 5.d4 O-O 6.Qc2 a6 7.Nbd2 b6 8.O-O Bb7
9.Rd1 Nbd7 10.cxd5 exd5 11.Nb1 Ne4 12.Nc3 Nxc3 13.bxc3 Nf6 14.Ne5 b5 15.c4 c6
16.c5 Nd7 17.Nd3 Bf6 18.Bb2 a5 19.e4 dxe4 20.Bxe4 Re8 21.Ne5 Qc7 22.Bxh7+ Kf8
23.Ng4 Bd8 24.Bc1 Be7 25.Bf4 Qd8 26.d5 g5 27.dxc6 Bxc6 28.Bd6 Kg7 29.Ne5 Bxd6
30.Nxc6 Qf6 31.cxd6 Rac8 32.Rac1 Ne5 33.d7 Nf3+ 34.Kg2 Qh6 35.Qc3+ Kxh7
36.Qxf3 {#r} 1-0

[Event "PRO League Group Stage"]
[Site "masterchessopen.com chess.com INT"]
[Date "2017.02.22"]
[Round "7"]
[White "So,W"]
[Black "Viswanadha,Kesav"]
[Result "1-0"]
[WhiteElo "2808"]
[BlackElo "2372"]

1.d4 Nf6 2.Nf3 e6 3.c4 b6 4.Nc3 Bb7 5.a3 d5 6.Qc2 Be7 7.cxd5 Nxd5 8.e4 Nxc3
9.bxc3 O-O 10.Bd3 c5 11.O-O Qc7 12.Qe2 Nd7 13.Rd1 Rfd8 14.Bb2 Rac8 15.a4 Bf6
16.e5 Be7 17.Nd2 Nb8 18.Ne4 Nc6 19.Qh5 h6 20.Rac1 Qb8 21.Bb1 cxd4 22.cxd4 Nb4
23.Qg4 Kf8 24.Ng3 Rxc1 25.Bxc1 Rd7 26.Nh5 g5 27.Nf6 Bxf6 28.exf6 Rd5 29.Qh5
Ke8 30.Qxh6 Qe5 31.Bd3 Rxd4 32.Bb5+ Bc6 33.Rxd4 Qxd4 34.Bf1 Nd5 35.Bxg5 Bxa4
36.Qh8+ Kd7 37.Qh7 Qg4 38.Qxf7+ Kd6 39.Qf8+ Kd7 40.f7 Qxg5 41.Qe8+ Kc7 42.Qxa4
Nf4 43.f8=Q Nh3+ 44.Kh1 {#r} 1-0

[Event "PRO League Group Stage"]
[Site "masterchessopen.com chess.com INT"]
[Date "2017.02.22"]
[Round "7"]
[White "Laylo,D"]
[Black "Balleisen,Aaron S"]
[Result "1-0"]
[WhiteElo "2445"]
[BlackElo "2127"]

1.d4 Nf6 2.Nf3 b6 3.c4 Bb7 4.Nc3 g6 5.Qc2 d5 6.cxd5 Nxd5 7.e4 Nxc3 8.bxc3 Bg7
9.h4 c5 10.d5 O-O 11.h5 Nd7 12.hxg6 hxg6 13.Bg5 c4 14.Be2 Rc8 15.Rd1 b5 16.Kf1
Nc5 17.Nd4 f6 18.Be3 a6 19.Bg4 f5 20.exf5 Qxd5 21.Bf3 Qe5 22.Bxb7 Nxb7 23.Re1
gxf5 24.Bh6 Qf6 25.Re6 Qf7 26.Bxg7 Kxg7 27.Reh6 Qd5 28.Qe2 Qe4 29.Ne6+ Kg8
30.Rh8+ Kf7 31.Rxf8+ Rxf8 32.Ng5+ {#r} 1-0

[Event "PRO League Group Stage"]
[Site "masterchessopen.com chess.com INT"]
[Date "2017.02.22"]
[Round "7"]
[White "Laylo,D"]
[Black "Giannatos,P"]
[Result "1-0"]
[WhiteElo "2445"]
[BlackElo "2284"]

1.d4 d5 2.c4 e6 3.Nf3 Nf6 4.Nc3 Be7 5.Bg5 O-O 6.e3 Nbd7 7.Qc2 c5 8.Rd1 cxd4
9.Nxd4 Qa5 10.Nb3 Qb6 11.cxd5 exd5 12.Be2 a5 13.O-O a4 14.Nd4 Qa5 15.Nf5 Bb4
16.Nb5 Ne4 17.Be7 Re8 18.Bxb4 Qxb4 19.Nc7 Ndf6 20.Nxe8 Nxe8 21.Rxd5 Bxf5
22.Rxf5 N8f6 23.a3 Qe7 24.Bf3 Nd6 25.Rc5 Qe6 26.Rd1 g6 27.h3 h5 28.Rd4 Kg7
29.Rxa4 Re8 30.Rb4 b5 31.Rf4 Nd7 32.Qc3+ Kg8 33.Bd5 Qe5 34.Qxe5 Rxe5 35.Rc7 g5
36.Rxd7 gxf4 37.Rxd6 fxe3 38.fxe3 {#r} 1-0

[Event "PRO League Group Stage"]
[Site "masterchessopen.com chess.com INT"]
[Date "2017.02.22"]
[Round "7"]
[White "Pavasovic,D"]
[Black "Salomon,J"]
[Result "1-0"]
[WhiteElo "2548"]
[BlackElo "2470"]

1.e4 c6 2.d4 d5 3.Nc3 dxe4 4.Nxe4 Bf5 5.Ng3 Bg6 6.Bc4 e6 7.N1e2 Bd6 8.h4 h6
9.Nf4 Bxf4 10.Bxf4 Nf6 11.Qd2 Nbd7 12.Bd3 Bxd3 13.Qxd3 O-O 14.O-O-O Qa5 15.Kb1
Rfd8 16.Bd2 Qd5 17.c4 Qxg2 18.Qe2 c5 19.d5 Ne5 20.Rhg1 Qf3 21.Qxe5 exd5
22.Bxh6 dxc4 23.Rc1 Rd5 24.Qe2 Qd3+ 25.Qxd3 cxd3 26.Bxg7 Kxg7 27.Nh5+ Kh6
28.Nxf6 Rd4 29.Rxc5 Rxh4 30.Rd5 {#r} 1-0

[Event "PRO League Group Stage"]
[Site "masterchessopen.com chess.com INT"]
[Date "2017.02.22"]
[Round "7"]
[White "Arsovic,G"]
[Black "Kantans,T"]
[Result "1-0"]
[WhiteElo "2401"]
[BlackElo "2456"]

1.Nf3 Nf6 2.c4 g6 3.Nc3 Bg7 4.e4 O-O 5.d4 c6 6.h3 d5 7.e5 Ne4 8.Bd3 Nxc3
9.bxc3 c5 10.O-O cxd4 11.cxd4 Nc6 12.Bg5 Be6 13.c5 f6 14.exf6 exf6 15.Bf4 Qd7
16.Re1 Rae8 17.Bd6 Rf7 18.Qd2 Bf8 19.Bg3 b6 20.Rac1 bxc5 21.dxc5 d4 22.Bb5 Rd8
23.Bd6 Bd5 24.Nxd4 Qb7 25.Nxc6 Rxd6 26.cxd6 Qxb5 27.Ne7+ Bxe7 28.dxe7 {#r} 1-0

[Event "PRO League Group Stage"]
[Site "masterchessopen.com chess.com INT"]
[Date "2017.02.22"]
[Round "7"]
[White "Oberholzer,Francois"]
[Black "Kolosovsky,A"]
[Result "1-0"]
[WhiteElo "2034"]
[BlackElo "2074"]

1.e4 g6 2.d4 Bg7 3.Nc3 d6 4.Bg5 h6 5.Bh4 a6 6.f4 b5 7.Nf3 Bb7 8.Bd3 Nf6 9.e5
Nh5 10.e6 Nxf4 11.exf7+ Kxf7 12.O-O Nxd3 13.Qxd3 Bf6 14.Ne4 Nd7 15.Neg5+ hxg5
16.Nxg5+ Kg7 17.Ne6+ Kh7 18.Nxd8 Raxd8 19.Bxf6 Nxf6 20.a4 b4 21.Rae1 Rde8
22.Rxf6 {#r} 1-0

[Event "PRO League Group Stage"]
[Site "masterchessopen.com chess.com INT"]
[Date "2017.02.22"]
[Round "7"]
[White "Oberholzer,Francois"]
[Black "Balabaev,T"]
[Result "0-1"]
[WhiteElo "2034"]
[BlackElo "2393"]

1.e4 c5 2.b4 cxb4 3.a3 e6 4.d4 Nf6 5.e5 Nd5 6.axb4 Bxb4+ 7.Bd2 Nc6 8.Bxb4
Ndxb4 9.c3 Nd5 10.Qg4 O-O 11.Bd3 f5 12.exf6 Nxf6 13.Qh4 e5 14.d5 e4 15.Bc2 Qb6
16.dxc6 Qb2 17.Ne2 bxc6 18.O-O Qxa1 19.Bb3+ d5 20.Nd2 Qb2 21.Rd1 Bg4 22.f3 e3
23.Nf1 Qxe2 24.fxg4 Rab8 25.Ng3 Qf2+ 26.Kh1 e2 {#R} 0-1

[Event "PRO League Group Stage"]
[Site "masterchessopen.com chess.com INT"]
[Date "2017.02.22"]
[Round "7"]
[White "Paragua,M"]
[Black "Balleisen,Aaron S"]
[Result "0-1"]
[WhiteElo "2492"]
[BlackElo "2127"]

1.e4 e5 2.d4 exd4 3.Qxd4 Nc6 4.Qe3 Nge7 5.Bd2 d5 6.exd5 Qxd5 7.Nc3 Qe6 8.O-O-O
Qxe3 9.Bxe3 Be6 10.Nf3 Nf5 11.Nb5 Rc8 12.Bf4 Nd6 13.Ng5 Nd8 14.Bxd6 Bxd6
15.Rxd6 cxd6 16.Nxd6+ Ke7 17.Nxc8+ Bxc8 18.Bc4 Ne6 19.Re1 h6 20.Nf3 Rd8 21.c3
Kf6 22.Ne5 Rd6 23.g3 g5 24.b4 Kg7 25.Kc2 Nd8 26.b5 Bf5+ 27.Bd3 Bxd3+ 28.Nxd3
Ne6 29.c4 Kf6 30.Kc3 b6 31.a4 Kf5 32.h3 h5 33.a5 h4 34.axb6 axb6 35.Ne5 Nc5
36.Nxf7 Rd3+ 37.Kc2 hxg3 38.fxg3 Rxg3 39.Nd6+ Kf4 40.Rf1+ Ke5 41.Nc8 Na4
42.Kd2 Kd4 43.Ra1 Rg2+ {#R} 0-1

[Event "PRO League Group Stage"]
[Site "masterchessopen.com chess.com INT"]
[Date "2017.02.22"]
[Round "7"]
[White "Paragua,M"]
[Black "Giannatos,P"]
[Result "1-0"]
[WhiteElo "2492"]
[BlackElo "2284"]

1.e4 Nf6 2.e5 Nd5 3.d4 d6 4.Nf3 dxe5 5.Nxe5 c6 6.c4 Nb4 7.Be3 Bf5 8.Nd3 Nxd3+
9.Bxd3 Bxd3 10.Qxd3 e6 11.O-O Be7 12.Nc3 O-O 13.Rad1 Nd7 14.a3 Nf6 15.Bg5 Qa5
16.Bxf6 Bxf6 17.Ne4 Be7 18.b4 Qf5 19.f4 a5 20.Qf3 axb4 21.axb4 Bxb4 22.g4 Qa5
23.f5 exf5 24.gxf5 f6 25.c5 Qa2 26.Rb1 Ra3 27.Qg2 Qc4 28.Kh1 Qxd4 29.Rfd1 Rd3
30.Rg1 Rf7 31.Nd6 Re7 32.Qa2+ Qd5+ 33.Qxd5+ Rxd5 34.Rxb4 Rxc5 35.Nxb7 Rxf5
36.Nd6 {#r} 1-0

[Event "PRO League Group Stage"]
[Site "masterchessopen.com chess.com INT"]
[Date "2017.02.22"]
[Round "7"]
[White "Svendsen,B"]
[Black "Beletic,D"]
[Result "1-0"]
[WhiteElo "2214"]
[BlackElo "2286"]

1.d4 d5 2.c4 c6 3.Nf3 Nf6 4.Nc3 dxc4 5.a4 Bf5 6.e3 e6 7.Bxc4 Bb4 8.O-O Nbd7
9.Nh4 Bg4 10.f3 Bh5 11.g4 Nd5 12.Ng2 Bg6 13.Na2 Be7 14.e4 N5b6 15.Bb3 a5
16.Nc3 e5 17.dxe5 Nxe5 18.f4 Nd3 19.f5 Bc5+ 20.Kh1 Nf2+ 21.Rxf2 Bxf2 22.Qf3 f6
23.Qxf2 Bf7 24.Bxf7+ Kxf7 25.Nf4 Nc4 26.Qe2 Ne5 27.Be3 Qe7 28.Ne6 g5 29.Bd4
Qd6 30.Rd1 h5 31.Bxe5 Qxe5 32.Rd7+ Ke8 33.Qd1 {#r} 1-0

[Event "PRO League Group Stage"]
[Site "masterchessopen.com chess.com INT"]
[Date "2017.02.22"]
[Round "7"]
[White "Agrest,I"]
[Black "Kazhgaleyev,M"]
[Result "0-1"]
[WhiteElo "2273"]
[BlackElo "2594"]

1.e4 e6 2.d4 d5 3.Nc3 Bb4 4.a3 Bxc3+ 5.bxc3 dxe4 6.Qg4 Nf6 7.Qxg7 Rg8 8.Qh6 c5
9.Ne2 Nbd7 10.Bg5 Rg6 11.Qh4 Qa5 12.Bd2 Qa4 13.h3 Qxc2 14.Rc1 Qb2 15.Nf4 Rg8
16.Be2 b6 17.Be3 Bb7 18.O-O Nd5 19.Bh5 N7f6 20.Nxd5 Nxd5 21.Rce1 cxd4 22.cxd4
Qxa3 23.Qxe4 Qe7 24.Bf3 O-O-O 25.Qe5 Nc7 26.Bxb7+ Kxb7 27.Bf4 Nd5 28.Rc1 Rc8
29.Qe4 f5 30.Qf3 a5 31.Be5 Rxc1 32.Rxc1 Rc8 33.Re1 a4 {#R} 0-1

[Event "PRO League Group Stage"]
[Site "masterchessopen.com chess.com INT"]
[Date "2017.02.22"]
[Round "7"]
[White "Carlstedt,J"]
[Black "Zhou,Y"]
[Result "1-0"]
[WhiteElo "2413"]
[BlackElo "2462"]

1.d4 Nf6 2.Bg5 Ne4 3.h4 c5 4.d5 Qa5+ 5.c3 e6 6.Nf3 d6 7.Na3 a6 8.Nc4 Qc7 9.a4
h6 10.Bf4 e5 11.Bh2 b6 12.Qc1 Nd7 13.Qc2 Ndf6 14.e3 Bb7 15.Bd3 Bxd5 16.Rd1 Qb7
17.O-O Ng4 18.Be2 Nef6 19.Bg3 Rd8 20.Rd2 Ne4 21.Rxd5 Qxd5 22.Nxb6 Qb7 23.a5
Be7 24.Bxa6 Qxa6 25.Qxe4 Nf6 26.Qc6+ Kf8 27.Nd7+ Rxd7 28.Qxa6 g6 29.Qb5 Kg7
30.Ra1 Ra7 31.b4 Ne4 32.Qd3 Nf6 33.e4 Rha8 34.a6 Bd8 35.b5 Bb6 36.c4 Ne8
37.Nd2 g5 38.Nb1 Rd8 39.Nc3 Nc7 40.Na4 Na8 41.Nxb6 Nxb6 42.Bxe5+ f6 43.Bc3 Kg6
44.Ba5 {#r} 1-0

[Event "PRO League Group Stage"]
[Site "masterchessopen.com chess.com INT"]
[Date "2017.02.22"]
[Round "7"]
[White "Friedel,J"]
[Black "Tarjan,J"]
[Result "1-0"]
[WhiteElo "2510"]
[BlackElo "2406"]

1.d4 Nf6 2.c4 d6 3.Nf3 Nbd7 4.Nc3 e5 5.e4 Be7 6.Be2 O-O 7.O-O c6 8.Qc2 a6
9.Rd1 Qc7 10.a3 b5 11.h3 Bb7 12.Be3 Rac8 13.Rac1 Qb8 14.b4 Rfe8 15.Qb3 Bf8
16.d5 cxd5 17.cxd5 Rc7 18.Nd2 Rec8 19.Qb2 Ba8 20.a4 bxa4 21.Bxa6 Bb7 22.Bb5
Ba8 23.Bxa4 Nc5 24.Bc2 Na6 25.Na2 Rb7 26.Rb1 Nd7 27.Ba4 Ndc5 28.Bc6 Rb6
29.Bxa8 Qxa8 30.Qa3 Nd7 31.Bxb6 Nxb6 32.b5 Nc5 33.Qxa8 Rxa8 34.Nb4 Ra4 35.f3
g6 36.Nc6 Bh6 37.Nf1 Kg7 38.Ra1 Rc4 39.Ra7 Nba4 40.Nd8 Nc3 41.Rda1 Bg5 42.Nxf7
Bf6 43.Nxd6+ {#r} 1-0

[Event "PRO League Group Stage"]
[Site "masterchessopen.com chess.com INT"]
[Date "2017.02.22"]
[Round "7"]
[White "Salomon,J"]
[Black "Lenic,L"]
[Result "0-1"]
[WhiteElo "2470"]
[BlackElo "2641"]

1.Nf3 e6 2.c4 d5 3.d4 Nf6 4.e3 a6 5.b3 c5 6.cxd5 Nxd5 7.Be2 cxd4 8.Nxd4 e5
9.Nf3 Nc6 10.O-O Be7 11.Bc4 Nb6 12.Qxd8+ Bxd8 13.Nc3 Nxc4 14.bxc4 Be6 15.Ne4
Be7 16.c5 Bd5 17.Nd6+ Bxd6 18.cxd6 Bxf3 19.gxf3 Kd7 20.Ba3 Rhc8 21.Rfd1 Na5
22.Bb4 Nc4 23.a4 a5 24.Be1 Rc6 25.Rab1 b6 26.Kf1 Re8 27.Ke2 Re6 28.Rd5 Rexd6
29.Rxd6+ Rxd6 30.Rc1 Rc6 31.Bc3 Nd6 32.Kd3 Ke6 33.Rb1 Nb7 34.Rg1 Nc5+ 35.Kd2
Nxa4 36.Ba1 Nc5 37.Rb1 f6 38.h4 h5 39.Ke2 Nb7 40.Rg1 Kf7 41.Rd1 Nd6 42.e4 Ke6
43.Rg1 Rc7 44.f4 exf4 45.Kf3 b5 46.Re1 Nc4 47.Kxf4 b4 {#R} 0-1

[Event "PRO League Group Stage"]
[Site "masterchessopen.com chess.com INT"]
[Date "2017.02.22"]
[Round "7"]
[White "Stearman,Josiah P"]
[Black "Breckenridge,S"]
[Result "0-1"]
[WhiteElo "2150"]
[BlackElo "2239"]

1.e4 e5 2.Nf3 Nc6 3.Bc4 Nf6 4.Ng5 d5 5.exd5 b5 6.Bf1 Nd4 7.c3 Nxd5 8.cxd4 Qxg5
9.Bxb5+ Kd8 10.Qf3 Bb7 11.O-O Rb8 12.d3 Qg6 13.Qh3 Bc8 14.Qf3 Rxb5 15.a4 Bg4
16.Qe4 Bf5 17.Qf3 e4 18.Qg3 Rb7 19.Nd2 exd3 20.Qf3 c6 21.Nc4 Bg4 22.Qg3 Be2
23.Bg5+ f6 24.Na5 Rc7 25.Rfc1 Qxg5 26.Nxc6+ Ke8 27.Qh3 Nf4 28.Qe3+ Be7 {#R}
0-1

[Event "PRO League Group Stage"]
[Site "masterchessopen.com chess.com INT"]
[Date "2017.02.22"]
[Round "7"]
[White "Stearman,Josiah P"]
[Black "Talyansky,Seth D"]
[Result "1-0"]
[WhiteElo "2150"]
[BlackElo "2176"]

1.e4 e5 2.Nf3 Nc6 3.Bc4 Bc5 4.O-O Nf6 5.d4 Bxd4 6.Nxd4 Nxd4 7.f4 d6 8.fxe5
dxe5 9.Bg5 Qe7 10.Na3 Be6 11.c3 Bxc4 12.Bxf6 gxf6 13.Nxc4 Ne6 14.b4 Rg8 15.Ne3
Nf4 16.g3 Rd8 17.Qf3 Rd3 18.Kh1 Ne6 19.Qe2 Qd7 20.Ng4 Rxg4 21.Qxg4 Qc6 22.Rxf6
Qxc3 23.Qg8+ Ke7 24.Qxf7+ Kd8 25.Qg8+ {#r} 1-0